El auto de papá : (Record no. 14429)

000 -CABECERA
fixed length control field 00811nam a22002417a 4500
003 - IDENTIFICADOR DEL NÚMERO DE CONTROL
control field AR-CdUCM
008 - DATOS DE LONGITUD FIJA--INFORMACIÓN GENERAL
fixed length control field 190423b ||||| |||| 00| 0 spa d
020 ## - NÚMERO INTERNACIONAL ESTÁNDAR DEL LIBRO
ISBN 978-612-301-044-7
040 ## - FUENTE DE LA CATALOGACIÓN
Agencia/entidad que catalogó originalmente la obra MUNICIPALIDAD PROVINCIAL DEL CUSCO
Entidad que transcribió la catalogación BIBLIOTECA MUNICIPAL DEL CUSCO
082 ## - NÚMERO DE LA CLASIFICACIÓN DECIMAL DEWEY
No. de Clasificación PI / 803.08 /
Notacion interna L84
100 ## - ENTRADA PRINCIPAL--NOMBRE DE PERSONA
Nombre Personal Loli, César
245 ## - MENCIÓN DE TÍTULO
Título El auto de papá :
Resto del título Con miss Rosi /
260 ## - PUBLICACIÓN, DISTRIBUCIÓN, ETC.
Lugar de publicación, distribución, etc. Lima :
Nombre de la editorial, distribuidor, etc. Q.W. Editores,
Fecha de publicación, distribución, etc. 2009.
300 ## - DESCRIPCIÓN FÍSICA
Nº de Páginas Extensión 16 páginas ;
Otros detalles físicos ilustraciones,
Dimensiones 20 cm.
Material acompañante Cd.
440 ## - MENCIÓN DE SERIE/PUNTO DE ACCESO ADICIONAL--TÍTULO
Título Cántame un cuento.
Número de la parte/sección de una obra 2
9 (RLIN) 33194
650 ## - PUNTO DE ACCESO ADICIONAL DE MATERIA--TÉRMINO DE MATERIA
Descriptor Literatura infantil
9 (RLIN) 588
650 ## - PUNTO DE ACCESO ADICIONAL DE MATERIA--TÉRMINO DE MATERIA
Descriptor Cuento infantil
9 (RLIN) 3319
650 ## - PUNTO DE ACCESO ADICIONAL DE MATERIA--TÉRMINO DE MATERIA
Descriptor Primera infancia
9 (RLIN) 24660
700 ## - PUNTO DE ACCESO ADICIONAL--NOMBRE DE PERSONA
Nombre Personal Fischer, Enrique Daniel (canción y letra)
9 (RLIN) 33195
710 ## - PUNTO DE ACCESO ADICIONAL--NOMBRE DE ENTIDAD CORPORATIVA
Nombre corporativo (En letras Mayúsculas) Editorial Septiembre.
9 (RLIN) 33196
942 ## - ELEMENTOS DE PUNTO DE ACCESO ADICIONAL (KOHA)
Fuente de clasificación
Tipo de item Libros-BMC
945 ## - PROCESAMIENTO DE INFORMACIÓN LOCAL (OCLC)
Catalogador achl
AAAA-MM-DD - Fecha de ingreso o modificacion 2019-04-23
Holdings
Estado de retiro (separado) Fuente de clasificación o esquema de estanterías Estado dañado Ubicación Sala donde se ubica Nombre de la colección Fecha de adquisición o compra Costo, precio normal en soles Signatura topográfica Código de Barras Última vez visto (Koha) Tipo de ítem (Koha) Fuente de adquisición
No     Sala de Infantes Sala Hemeroteca Book Cart 2025-04-03 5.00 PI / 803.08 / L84 / e.3 SI00004975 2025-04-03 Libros-BMC Donación
No     Sala de Infantes Sala de Infantes Children's Area 2019-04-23 10.00 PI / 803.08 / L84 SI00002454 2019-04-23 Libros-BMC  
No     Sala de Infantes Sala de Infantes Children's Area 2019-04-23 10.00 PI / 803.08 / L84 / e.2 SI00003095 2019-04-24 Libros-BMC  

Powered by Koha